A Quiz About Oscars - Statistics

General Stats
  • This quiz has been taken 42 times
  • The average score is 8 of 15
Answer Stats
Hint Answer % Correct
Leonardo DiCaprio won his first Best Actor Oscar for his starring role in which 2015 film? The Revenant
74%
The architect Oscar Niemeyer designed which South American capital city? Brasilia
69%
In 1905, which present-day country broke away from Sweden during the reign of King Oscar II? Norway
69%
Which famous literary Oscar had "nothing to declare but [his] genius"? Oscar Wilde
67%
Which Hollywood actor holds the record for having the most Oscar nominations of all time? Jack Nicholson
62%
Which Oskar was the subject of a multi-award winning historical movie by Steven Spielberg in 1993? Oskar Schindler
54%
Oscar the Grouch lives in what type of receptacle? Trash can
54%
Oscar de la Hoya distinguished himself in which sport? Boxing
51%
Which American comedian hosted the greatest number of Oscar ceremonies? Bob Hope
49%
In 1980, Catholic priest Óscar Romero was assassinated during mass after strongly criticising the military government of which Central American country? El Salvador
49%
Which famous Oscar frequently collaborated with the composer Richard Rodgers, including on the musicals Oklahoma, South Pacific and The Sound of Music? Oscar Hammerstein II
44%
Which South African sprinter was convicted of murdering his girlfriend Reeva Steenkamp in 2015? Oscar Pistorius
44%
Oscar Martinez is an accountant who features in which sitcom? The Office
38%
In which 2004 animated movie does Will Smith voice a fish named Oscar who attempts to become a gangster by pretending to murder an underwater mob boss? Shark Tale
33%
What was the name of the Rebel played by Oscar Isaac in the Star Wars franchise? Poe Dameron
21%
No matching quizzes found
Score Distribution
Percent of People with Each Score
Percentile by Number Answered
Your Score History
You have not taken this quiz